000 00415nam a22001457a 4500
003 macl
005 20190323131624.0
008 190323b xxu||||| |||| 00| 0 eng d
040 _cmacl
082 _a741.642
100 _aप्रकाशन विभाग
_94825
245 _aसरदार पटेल
260 _aदिल्‍ली
_bप्रकाशन विभाग
_c2015
942 _2ddc
_cHIN
999 _c59088
_d59088